<?xml version="1.0" encoding="UTF-8"?>
<collection xmlns="http://www.loc.gov/MARC21/slim">
<record>
  <controlfield tag="001">125218</controlfield>
  <controlfield tag="005">20250128150425.0</controlfield>
  <datafield tag="024" ind1="7" ind2=" ">
    <subfield code="2">doi</subfield>
    <subfield code="a">10.1080/02724634.2021.2020803</subfield>
  </datafield>
  <datafield tag="024" ind1="8" ind2=" ">
    <subfield code="2">sideral</subfield>
    <subfield code="a">128831</subfield>
  </datafield>
  <datafield tag="037" ind1=" " ind2=" ">
    <subfield code="a">ART-2021-128831</subfield>
  </datafield>
  <datafield tag="041" ind1=" " ind2=" ">
    <subfield code="a">eng</subfield>
  </datafield>
  <datafield tag="100" ind1=" " ind2=" ">
    <subfield code="a">Castanera, D.</subfield>
    <subfield code="u">Universidad de Zaragoza</subfield>
    <subfield code="0">(orcid)0000-0003-3950-1630</subfield>
  </datafield>
  <datafield tag="245" ind1=" " ind2=" ">
    <subfield code="a">A new look at Crocodylopodus meijidei: implications for crocodylomorph locomotion</subfield>
  </datafield>
  <datafield tag="260" ind1=" " ind2=" ">
    <subfield code="c">2021</subfield>
  </datafield>
  <datafield tag="506" ind1="0" ind2=" ">
    <subfield code="a">Access copy available to the general public</subfield>
    <subfield code="f">Unrestricted</subfield>
  </datafield>
  <datafield tag="520" ind1="3" ind2=" ">
    <subfield code="a">A review of the type material of the crocodylomorph ichnotaxon Crocodylopodus meijidei Fuentes Vidarte and Meijide Calvo, 2001 from the Berriasian of Spain is carried out. The review allows a better characterization of this type ichnotaxon and provides interesting new data on the candidate trackmakers and especially on their locomotion. Three different size classes possibly related to different ontogenetic states or sexual dimorphism of the same small- to medium-sized crocodylomorph trackmaker are distinguished. Morphological differences within the sample such as digital impression lengths might be a consequence of differences in allometric growth, assuming similarities with extant crocodylians. Other differences are a consequence of variation in the morphological quality and mode of preservation across the sample. Some trackway features (intermediate-gauge trackways with high pace angulation, absence of tail, belly or drag marks) indicate the trackmakers, presumed neosuchian crocodylomorphs, were walking in a ‘high-walk’ mode with a semi-erect posture at a moderate speed. The trackmaker may have walked with more erect limb posture and with the center of mass located more anteriorly than occurs in extant species, albeit not as erect as quadrupedal animals such as mammals or other extinct archosaurs including trackmakers of other crocodylomorph ichnotaxa (e.g., Batrachopus). © 2022, by the Society of Vertebrate Paleontology.</subfield>
  </datafield>
  <datafield tag="536" ind1=" " ind2=" ">
    <subfield code="9">info:eu-repo/grantAgreement/ES/DGA/Grupo de Referencia Aragosaurus-reconstrucciones paleoambientales y recursos geológicos</subfield>
    <subfield code="9">info:eu-repo/grantAgreement/ES/MINECO-FEDER/CGL2017-85038-P</subfield>
  </datafield>
  <datafield tag="540" ind1=" " ind2=" ">
    <subfield code="9">info:eu-repo/semantics/openAccess</subfield>
    <subfield code="a">by-nc</subfield>
    <subfield code="u">http://creativecommons.org/licenses/by-nc/3.0/es/</subfield>
  </datafield>
  <datafield tag="590" ind1=" " ind2=" ">
    <subfield code="a">2.558</subfield>
    <subfield code="b">2021</subfield>
  </datafield>
  <datafield tag="591" ind1=" " ind2=" ">
    <subfield code="a">PALEONTOLOGY</subfield>
    <subfield code="b">9 / 54 = 0.167</subfield>
    <subfield code="c">2021</subfield>
    <subfield code="d">Q1</subfield>
    <subfield code="e">T1</subfield>
  </datafield>
  <datafield tag="592" ind1=" " ind2=" ">
    <subfield code="a">0.828</subfield>
    <subfield code="b">2021</subfield>
  </datafield>
  <datafield tag="593" ind1=" " ind2=" ">
    <subfield code="a">Paleontology</subfield>
    <subfield code="c">2021</subfield>
    <subfield code="d">Q1</subfield>
  </datafield>
  <datafield tag="594" ind1=" " ind2=" ">
    <subfield code="a">3.3</subfield>
    <subfield code="b">2021</subfield>
  </datafield>
  <datafield tag="655" ind1=" " ind2="4">
    <subfield code="a">info:eu-repo/semantics/article</subfield>
    <subfield code="v">info:eu-repo/semantics/acceptedVersion</subfield>
  </datafield>
  <datafield tag="700" ind1=" " ind2=" ">
    <subfield code="a">Pascual-Arribas, C.</subfield>
  </datafield>
  <datafield tag="700" ind1=" " ind2=" ">
    <subfield code="a">Canudo, J.I.</subfield>
    <subfield code="u">Universidad de Zaragoza</subfield>
    <subfield code="0">(orcid)0000-0003-1732-9155</subfield>
  </datafield>
  <datafield tag="700" ind1=" " ind2=" ">
    <subfield code="a">Puértolas-Pascual, E.</subfield>
    <subfield code="0">(orcid)0000-0003-0759-7105</subfield>
  </datafield>
  <datafield tag="710" ind1="2" ind2=" ">
    <subfield code="1">2000</subfield>
    <subfield code="2">655</subfield>
    <subfield code="a">Universidad de Zaragoza</subfield>
    <subfield code="b">Dpto. Ciencias de la Tierra</subfield>
    <subfield code="c">Área Paleontología</subfield>
  </datafield>
  <datafield tag="773" ind1=" " ind2=" ">
    <subfield code="g">41, 5 (2021), e2020803 [19 pp.]</subfield>
    <subfield code="p">J. vertebr. paleontol.</subfield>
    <subfield code="t">JOURNAL OF VERTEBRATE PALEONTOLOGY</subfield>
    <subfield code="x">0272-4634</subfield>
  </datafield>
  <datafield tag="856" ind1="4" ind2=" ">
    <subfield code="s">4783729</subfield>
    <subfield code="u">http://zaguan.unizar.es/record/125218/files/texto_completo.pdf</subfield>
    <subfield code="y">Postprint</subfield>
  </datafield>
  <datafield tag="856" ind1="4" ind2=" ">
    <subfield code="s">951125</subfield>
    <subfield code="u">http://zaguan.unizar.es/record/125218/files/texto_completo.jpg?subformat=icon</subfield>
    <subfield code="x">icon</subfield>
    <subfield code="y">Postprint</subfield>
  </datafield>
  <datafield tag="909" ind1="C" ind2="O">
    <subfield code="o">oai:zaguan.unizar.es:125218</subfield>
    <subfield code="p">articulos</subfield>
    <subfield code="p">driver</subfield>
  </datafield>
  <datafield tag="951" ind1=" " ind2=" ">
    <subfield code="a">2025-01-28-15:02:29</subfield>
  </datafield>
  <datafield tag="980" ind1=" " ind2=" ">
    <subfield code="a">ARTICLE</subfield>
  </datafield>
</record>
</collection>